000 01142nam a2200241Ia 4500
999 _c54731
_d54731
001 21798
003 GE_BSU
005 20220513153730.0
008 181216s2017||||ge |||||||||||||| ||geo||
020 _a9789941947421
040 _cGE_BSU
080 _a821.133.1-31 პ-27
100 _aპენაკი, დანიელ
_913731
245 _aპროზის გამყიდველი გოგონა :
_bრომანი /
_cდანიელ პენაკი ; ფრანგულიდან თარგმნა ნატა ბალავაძემ ; ყდის დიზაინის ავტორი მანანა კობახიძე.
264 _aთბილისი :
_bაგორა,
_c2017.
300 _a378 გვ. ;
_c20 სმ.
541 _h5 ლ.
653 _aპროზის გამყიდველი გოგონა
653 _aრომანი
700 _aბალავაძე, ნატა
_eმთარგმნელი
_913732
700 _aკობახიძე, მანანა
_eდიზაინერი
_95304
942 _cBK
_2udc